EToH - First 25 Towers - Statistics

General Stats
  • This quiz has been taken 64 times
  • The average score is 20 of 25
Answer Stats
Order Difficulty Answer % Correct
4th Easy Tower of Anger
100%
1st Hard Tower of Hecc
100%
5th Medium Tower of Madness
100%
3rd good luck buddy Tower of Impossible Expectations
94%
7th Very Hard Tower of Stress
94%
9th Impossible Tower of True Skill
94%
6th Very Hard Tower of Keyboard Yeeting
91%
2nd Super Hard Tower of Screen Punching
91%
13th Super Hard Tower of Traps
91%
25th Insane Tower of Confusion
87%
19th Hard Tower of Fatness
87%
24th Super Hard Tower of Despair
85%
8th Super Hard Tower of Rage
85%
14th Impossible Tower of Eternal Suffering
79%
20th Hard Tower of Winning Every Run
79%
15th Super Hard Tower of Falling and Failing
77%
10th Hard Tower of Overcoming Hatred
74%
12th Super Hard Tower of Shattered Dreams
72%
16th Easy Tower of Funny Thoughts
68%
11th good luck buddy Tower of Table Flipping
68%
21st Medium Tower of Ancient Trickery
64%
18th Medium Tower of Deep Sighing
62%
23rd Very Hard Tower of Lotsa Damage
62%
22nd Very Hard Tower of Wall Hugging
62%
17th Very Hard Tower of Slight Inconvenience
57%
No matching quizzes found
Score Distribution
Percent of People with Each Score
Percentile by Number Answered
Your Score History
You have not taken this quiz